| 000 | 00559nam a2200181Ia 4500 | ||
|---|---|---|---|
| 999 |
_c7789 _d7789 |
||
| 020 | _a9789350249437 | ||
| 082 | _a307.1412 VEE-R | ||
| 100 | _aVeena Kumari | ||
| 245 | 0 | _aRural poverty and human development: linkages and implications | |
| 260 |
_aMumbai _bHimalaya Publishing House _c2011 |
||
| 300 | _a186 | ||
| 504 | _aincludes bibliography and appendices | ||
| 650 |
_aRural poor _vIndia _vBihar |
||
| 650 |
_aRural Development _vIndia _vBihar |
||
| 650 |
_aPoverty _vIndia _vBihar |
||
| 650 |
_vBihar (India) _aRural conditions _vIndia _vBihar |
||
| 942 | _cBK | ||